[Event "Belt and Road Hunan op-B"]
[Site "Changsha"]
[Date "2019.07.30"]
[Round "3"]
[White "Yu, Lie"]
[Black "Zhang, Xiao"]
[Result "1-0"]
[WhiteElo "2316"]
[BlackElo "2259"]
[PlyCount "129"]
[EventDate "2019.07.29"]
[EventType "swiss"]
[EventRounds "9"]
[EventCountry "CHN"]
[SourceTitle "EXT 2020"]
[Source "ChessBase"]
[SourceDate "2019.10.17"]
[SourceVersion "1"]
[SourceVersionDate "2019.10.17"]
[SourceQuality "1"]

1. Nf3 d5 2. g3 Nf6 3. Bg2 c6 4. 0-0 Bf5 5. d3 h6 6. b3 e6 7. Bb2 Be7 8. Nbd2 0-0 9. e3 a5 10. Qe2 Na6 11. Ne5 a4 12. f4 Nd7 13. Ndf3 Nxe5 14. Bxe5 Bf6 15. h3 Bxe5 16. Nxe5 Nc5 17. Kh2 Nd7 18. Nf3 axb3 19. axb3 Qf6 20. Rad1 Ra2 21. g4 Bg6 22. Rd2 Rfa8 23. Kg3 Qc3 24. e4 dxe4 25. dxe4 Nf6 26. f5 exf5 27. exf5 Re8 28. Qd3 Qxd3 29. cxd3 Rxd2 30. Nxd2 Bh7 31. Ne4 Nxe4+ 32. Bxe4 f6 33. b4 Kf8 34. b5 cxb5 35. Rb1 b6 36. Rxb5 Rb8 37. Bd5 Bg8 38. Bxg8 Kxg8 39. Kf4 Kf7 40. Ke4 Ke7 41. Kd5 Kd7 42. d4 Rb7 43. Rb3 Rb8 44. Ra3 Rb7 45. Ra8 Ke7 46. Rg8 Kf7 47. Kc6 Re7 48. Rb8 Re3 49. d5 Rxh3 50. d6 Rc3+ 51. Kb7 Rd3 52. Kc7 Rc3+ 53. Kd8 Rc4 54. d7 b5 55. Rc8 Rxg4 56. Kc7 Rd4 57. d8Q Rxd8 58. Rxd8 g5 59. Rd7+ Kg8 60. Kd6 g4 61. Ke6 h5 62. Kxf6 b4 63. Kg6 Kf8 64. f6 Ke8 65. Rb7 1-0

[Event "Kuala Lumpur op 14th"]
[Site "Kuala Lumpur"]
[Date "2017.08.29"]
[Round "2"]
[White "Yu, Lie"]
[Black "Ma, Qun"]
[Result "0-1"]
[WhiteElo "2326"]
[BlackElo "2640"]
[PlyCount "102"]
[EventDate "2017.08.28"]
[EventType "swiss"]
[EventRounds "9"]
[EventCountry "MAS"]
[SourceTitle "CBM 180 Extra"]
[Source "ChessBase"]
[SourceDate "2017.10.06"]
[SourceVersion "1"]
[SourceVersionDate "2017.10.06"]
[SourceQuality "1"]

1. d4 Nf6 2. Bg5 d5 3. Nd2 c5 4. dxc5 Qa5 5. c3 Qxc5 6. Ngf3 Nc6 7. Qa4 Bd7 8. e4 Ne5 9. Qd4 Nxf3+ 10. gxf3 Qxd4 11. cxd4 Bc6 12. Bd3 h6 13. Be3 e6 14. Ke2 a5 15. Rac1 Bb4 16. e5 Nh5 17. Nb3 Be7 18. Nc5 Kd8 19. Rhg1 g6 20. Bd2 Ng7 21. Nb3 a4 22. Na5 Kd7 23. Rc2 Nf5 24. Nxc6 bxc6 25. Be3 Rab8 26. Rb1 g5 27. Rcc1 Rb4 28. a3 Nxd4+ 29. Bxd4 Rxd4 30. Rc3 Rb8 31. Bc2 Bf8 32. Re3 Rh4 33. b4 axb3 34. Rexb3 Rxb3 35. Rxb3 Kc7 36. Bh7 Bg7 37. Bg8 Rf4 38. a4 Rxa4 39. Bxf7 Bxe5 40. h3 Kd6 41. Kf1 Bd4 42. Rd3 c5 43. Rd2 Rb4 44. Re2 e5 45. Ra2 Rb1+ 46. Kg2 Ra1 47. Re2 c4 48. Kg3 Kc5 49. Kg4 c3 50. Bg6 Rf1 51. Kf5 e4 0-1

[Event "CHN Team"]
[Site "Wuxi"]
[Date "2016.08.03"]
[Round "8.2"]
[White "Zhou, Jianchao"]
[Black "Yu, Lie"]
[Result "1-0"]
[WhiteElo "2620"]
[BlackElo "2321"]
[PlyCount "97"]
[EventDate "2016.07.28"]
[EventType "team-swiss"]
[EventRounds "9"]
[EventCountry "CHN"]
[SourceTitle "CBM 173 Extra"]
[Source "ChessBase"]
[SourceDate "2016.08.29"]
[SourceVersion "1"]
[SourceVersionDate "2016.08.29"]
[SourceQuality "1"]
[WhiteTeam "Shanghai"]
[BlackTeam "Zhejiang Feiao"]
[WhiteTeamCountry "CHN"]
[BlackTeamCountry "CHN"]

1. c4 c6 2. d4 d5 3. Nf3 Nf6 4. Nc3 dxc4 5. a4 Bf5 6. Ne5 Nbd7 7. Nxc4 Nb6 8. Ne5 a5 9. h4 h6 10. f3 Nfd7 11. e4 Bh7 12. Be3 e6 13. Nd3 Bd6 14. Bf2 0-0 15. Qb3 Qe7 16. Be2 Kh8 17. g4 f5 18. e5 Bb4 19. g5 c5 20. dxc5 Nd5 21. f4 Nxc3 22. bxc3 Nxc5 23. Qc4 Nxd3+ 24. Qxd3 Bc5 25. Qg3 Bxf2+ 26. Kxf2 Qc5+ 27. Qe3 Qxe3+ 28. Kxe3 Rac8 29. c4 Bg6 30. Rhb1 hxg5 31. hxg5 Rf7 32. Rb6 Re7 33. Rab1 Be8 34. Rxb7 Rxb7 35. Rxb7 Bxa4 36. Ra7 Bb3 37. g6 a4 38. c5 Bd5 39. Bf3 Bxf3 40. Kxf3 Kg8 41. Ke3 Kf8 42. Kd4 Rd8+ 43. Kc4 Rd1 44. c6 Rc1+ 45. Kb5 Ke8 46. Rxg7 a3 47. Ra7 Rb1+ 48. Kc5 Rg1 49. Kd6 1-0

[Event "CHN Team"]
[Site "Wuxi"]
[Date "2016.08.02"]
[Round "7.7"]
[White "Yu, Lie"]
[Black "Ma, Ling"]
[Result "1-0"]
[WhiteElo "2321"]
[BlackElo "1951"]
[PlyCount "96"]
[EventDate "2016.07.28"]
[EventType "team-swiss"]
[EventRounds "9"]
[EventCountry "CHN"]
[SourceTitle "CBM 173 Extra"]
[Source "ChessBase"]
[SourceDate "2016.08.29"]
[SourceVersion "1"]
[SourceVersionDate "2016.08.29"]
[SourceQuality "1"]
[WhiteTeam "Zhejiang Feiao"]
[BlackTeam "Shaanxi"]
[WhiteTeamCountry "CHN"]
[BlackTeamCountry "CHN"]

1. d4 Nf6 2. c4 c5 3. d5 e6 4. Nc3 exd5 5. cxd5 d6 6. e4 g6 7. Nf3 Bg7 8. Bg5 0-0 9. Be2 Bg4 10. 0-0 Bxf3 11. Bxf3 Nbd7 12. Qc2 a6 13. a4 Qe7 14. Be2 h6 15. Bh4 g5 16. Bg3 Rfe8 17. Rae1 Ne5 18. h3 Ng6 19. Bf3 Nd7 20. Nd1 Be5 21. Ne3 Nf4 22. Bg4 Nf6 23. Nf5 Qf8 24. Bh2 h5 25. Bf3 b5 26. Qd2 h4 27. g3 hxg3 28. Bxg3 Nxh3+ 29. Kh2 Nf4 30. Rg1 Kh8 31. Rh1 bxa4 32. Bxf4 Bxf4+ 33. Kg2+ Kg8 34. Qd3 Re5 35. Rh3 Rxf5 36. exf5 g4 37. Bxg4 Nxg4 38. Qf3 Qg7 39. Qxf4 Ne3+ 40. Kf3 Qg2+ 41. Kxe3 Qxh3+ 42. Kd2 Kh7 43. Qe4 Qh6+ 44. Kc2 Kg8 45. Qe7 Qh3 46. Kd2 Rb8 47. Qg5+ Kh7 48. Qf6 Qh6+ 1-0

[Event "CHN Team"]
[Site "Wuxi"]
[Date "2016.07.28"]
[Round "1.2"]
[White "Yu, Yangyi"]
[Black "Yu, Lie"]
[Result "1-0"]
[WhiteElo "2734"]
[BlackElo "2321"]
[PlyCount "57"]
[EventDate "2016.07.28"]
[EventType "team-swiss"]
[EventRounds "9"]
[EventCountry "CHN"]
[SourceTitle "CBM 173 Extra"]
[Source "ChessBase"]
[SourceDate "2016.08.29"]
[SourceVersion "1"]
[SourceVersionDate "2016.08.29"]
[SourceQuality "1"]
[WhiteTeam "Beijing Beiao"]
[BlackTeam "Zhejiang Feiao"]
[WhiteTeamCountry "CHN"]
[BlackTeamCountry "CHN"]

1. c4 c6 2. d4 d5 3. Nf3 Nf6 4. Nc3 dxc4 5. a4 Bf5 6. e3 e6 7. Bxc4 Bb4 8. 0-0 0-0 9. Qe2 Bg4 10. h3 Bxf3 11. Qxf3 Nbd7 12. Rd1 Rc8 13. Na2 Bd6 14. Nc3 Qa5 15. Ne2 e5 16. Ng3 Rfe8 17. Bd2 Bb4 18. Bxb4 Qxb4 19. b3 Nb6 20. Nf5 Nxc4 21. bxc4 exd4 22. Rab1 Qa3 23. Rxd4 Rcd8 24. Qg3 g6 25. Rxd8 Rxd8 26. Rxb7 Qc1+ 27. Kh2 Qxc4 28. Nh6+ Kg7 29. Nxf7 1-0

[Event "Hong Kong op"]
[Site "Hong Kong"]
[Date "2014.10.03"]
[Round "5"]
[White "Zou, Chen"]
[Black "Yu, Lie"]
[Result "1-0"]
[WhiteElo "2232"]
[BlackElo "2346"]
[PlyCount "75"]
[EventDate "2014.10.01"]
[EventType "swiss"]
[EventRounds "9"]
[EventCountry "HKG"]
[SourceTitle "CBM 162 Extra"]
[Source "ChessBase"]
[SourceDate "2014.10.17"]
[SourceVersion "1"]
[SourceVersionDate "2014.10.17"]
[SourceQuality "1"]

1. e4 e5 2. Nf3 Nc6 3. Bb5 Nf6 4. d3 Bc5 5. 0-0 Nd4 6. Nxd4 Bxd4 7. c3 Bb6 8. d4 0-0 9. Bg5 h6 10. Bh4 d6 11. Re1 c6 12. Bf1 g5 13. Bg3 Nxe4 14. Rxe4 f5 15. Qh5 Kg7 16. Bxe5+ dxe5 17. Rxe5 Bc7 18. Re1 g4 19. h3 gxh3 20. Qxh3 f4 21. Qf3 Qh4 22. Bd3 Bd6 23. Nd2 Bg4 24. Qe4 Bf5 25. Qxf5 Rxf5 26. Bxf5 Rf8 27. Nf3 Qh5 28. Bd3 Kh8 29. Re6 Bc7 30. Re7 Rf7 31. Re8+ Kg7 32. Bc4 Rd7 33. Rae1 Bd6 34. Rg8+ Kh7 35. Ree8 Qf5 36. Rh8+ Kg7 37. Reg8+ Kf6 38. Rf8+ 1-0

[Event "CHN-chT"]
[Site "China"]
[Date "2014.04.14"]
[Round "3.2"]
[White "Yu, Lie"]
[Black "Mu, Ke"]
[Result "1/2-1/2"]
[WhiteElo "2380"]
[BlackElo "2325"]
[PlyCount "65"]
[EventDate "2014.04.12"]
[EventType "team-tourn"]
[EventRounds "22"]
[EventCountry "CHN"]
[SourceTitle "CBM 159 Extra"]
[Source "ChessBase"]
[SourceDate "2014.04.24"]
[SourceVersion "1"]
[SourceVersionDate "2014.04.24"]
[SourceQuality "1"]
[WhiteTeam "Zhejiang"]
[BlackTeam "Qingdao Exp School"]
[WhiteTeamCountry "CHN"]
[BlackTeamCountry "CHN"]

1. d4 Nf6 2. c4 d5 3. cxd5 Nxd5 4. Nc3 g6 5. g3 Bg7 6. Bg2 Nb6 7. Nf3 Nc6 8. e3 0-0 9. 0-0 Re8 10. b3 e5 11. Nxe5 Nxe5 12. dxe5 Qxd1 13. Rxd1 Bxe5 14. Bb2 c6 15. Rd2 Bf5 16. Rad1 Bf6 17. h4 h5 18. Kh2 Be5 19. Kg1 Bf6 20. Kh2 Be5 21. Kg1 Bf6 22. Bf1 Kf8 23. Kg2 Rad8 24. Ba3+ Kg8 25. Rxd8 Rxd8 26. Rxd8+ Bxd8 27. e4 Be6 28. Ne2 Nc8 29. Nf4 Bd7 30. Nd3 Be7 31. Bc5 Kf8 32. f4 b6 33. Ba3 1/2-1/2

[Event "CHN-chT"]
[Site "China"]
[Date "2013.10.13"]
[Round "14.3"]
[White "Wu, Wenjin"]
[Black "Yu, Lie"]
[Result "1/2-1/2"]
[WhiteElo "2355"]
[BlackElo "2372"]
[PlyCount "162"]
[EventDate "2013.04.30"]
[EventType "team-tourn"]
[EventRounds "22"]
[EventCountry "CHN"]
[SourceTitle "EXT 2014"]
[Source "ChessBase"]
[SourceDate "2013.11.20"]
[SourceVersion "1"]
[SourceVersionDate "2013.11.20"]
[SourceQuality "1"]
[WhiteTeam "Qinhuangdao"]
[BlackTeam "Zhejiang"]
[WhiteTeamCountry "CHN"]
[BlackTeamCountry "CHN"]

1. Nf3 Nf6 2. c4 e6 3. Nc3 d5 4. d4 Nbd7 5. Qb3 c6 6. Bf4 Be7 7. e3 0-0 8. h3 b6 9. cxd5 exd5 10. Be2 Bb7 11. 0-0 Re8 12. Rfd1 Nf8 13. Rac1 Bd6 14. Bxd6 Qxd6 15. a3 Ne6 16. Bd3 Qe7 17. Bf5 Nf8 18. Na4 g6 19. Bd3 N8d7 20. Qc2 Rac8 21. b4 Ne4 22. Bxe4 dxe4 23. Nd2 Ba6 24. Qb3 Nf6 25. Nb1 Nd5 26. Nbc3 Qd7 27. Nb2 Kg7 28. Rd2 Nf6 29. Rdc2 Bd3 30. Rd2 Ba6 31. Qa4 Bb5 32. Qd1 Nd5 33. Qb3 Nf6 34. Nxb5 cxb5 35. Rdc2 Rxc2 36. Qxc2 Nd5 37. Nd1 a5 38. Nc3 Rc8 39. Qd2 axb4 40. Nxd5 Rxc1+ 41. Qxc1 Qxd5 42. axb4 Qc4 43. Qd2 Kf6 44. f3 Qb3 45. Kf2 Qb1 46. Qc3 Qa2+ 47. Kg3 Qc4 48. Qd2 Qd5 49. Kf2 Kg7 50. Qc2 exf3 51. gxf3 Qd6 52. Qc3 Qh2+ 53. Ke1 Qg1+ 54. Kd2 Qf2+ 55. Kd3 Qxf3 56. d5+ Qf6 57. Qc7 Qf1+ 58. Kd4 Qa1+ 59. Ke4 Qb1+ 60. Ke5 Qb2+ 61. Kd6 Qxb4+ 62. Kd7 Qe4 63. Qc3+ Kh6 64. d6 b4 65. Qf6 Qe6+ 66. Qxe6 fxe6 67. Kxe6 b3 68. d7 b2 69. d8Q b1Q 70. Qh4+ Kg7 71. Qd4+ Kh6 72. e4 b5 73. e5 Qb3+ 74. Kd6 Qa3+ 75. Kd7 b4 76. e6 Qa4+ 77. Ke7 Qb5 78. Qh4+ Kg7 79. Qf6+ Kh6 80. Kf7 b3 81. e7 b2 1/2-1/2

[Event "CHN-chT"]
[Site "China"]
[Date "2013.10.12"]
[Round "13.4"]
[White "Yu, Lie"]
[Black "Gao, Rui"]
[Result "0-1"]
[WhiteElo "2372"]
[BlackElo "2475"]
[PlyCount "96"]
[EventDate "2013.04.30"]
[EventType "team-tourn"]
[EventRounds "22"]
[EventCountry "CHN"]
[SourceTitle "EXT 2014"]
[Source "ChessBase"]
[SourceDate "2013.11.20"]
[SourceVersion "1"]
[SourceVersionDate "2013.11.20"]
[SourceQuality "1"]
[WhiteTeam "Zhejiang"]
[BlackTeam "Chongqing"]
[WhiteTeamCountry "CHN"]
[BlackTeamCountry "CHN"]

1. c4 e5 2. Nc3 Nf6 3. Nf3 Nc6 4. g3 Bb4 5. Bg2 0-0 6. 0-0 h6 7. d3 d6 8. h3 Re8 9. Bd2 a5 10. Nd5 Bc5 11. Bc3 Nd4 12. Nd2 Nxd5 13. cxd5 Nb5 14. e3 Bf5 15. Ne4 Nxc3 16. bxc3 Bb6 17. Kh2 Bh7 18. Rb1 Rf8 19. Qe2 f5 20. Nd2 f4 21. exf4 exf4 22. Nc4 Bxf2 23. Rxf2 fxg3+ 24. Kxg3 Qg5+ 25. Qg4 Qxg4+ 26. hxg4 Rxf2 27. Kxf2 Bxd3 28. Rxb7 Bxc4 29. a3 Rf8+ 30. Kg3 Rf7 31. Rb8+ Rf8 32. Rb7 Rf7 33. Rb8+ Kh7 34. Be4+ g6 35. Re8 Bb5 36. Re6 Rg7 37. Kf4 Bd7 38. Rf6 Re7 39. g5 Be8 40. gxh6 Kxh6 41. Ke3 Kg7 42. Rf2 Bd7 43. Kd4 g5 44. Rh2 g4 45. Rh5 Kf6 46. Ke3 g3 47. Rh6+ Kg5 48. Rh7 Rxe4+ 0-1

[Event "CHN-chT"]
[Site "China"]
[Date "2013.08.05"]
[Round "10.5"]
[White "Yu, Lie"]
[Black "Zhao, Jun"]
[Result "1/2-1/2"]
[WhiteElo "2372"]
[BlackElo "2589"]
[PlyCount "111"]
[EventDate "2013.04.30"]
[EventType "team-tourn"]
[EventRounds "22"]
[EventCountry "CHN"]
[SourceTitle "EXT 2014"]
[Source "ChessBase"]
[SourceDate "2013.11.20"]
[SourceVersion "1"]
[SourceVersionDate "2013.11.20"]
[SourceQuality "1"]
[WhiteTeam "Zhejiang"]
[BlackTeam "Shandong"]
[WhiteTeamCountry "CHN"]
[BlackTeamCountry "CHN"]

1. c4 e5 2. Nc3 Nf6 3. Nf3 Nc6 4. g3 d5 5. cxd5 Nxd5 6. d3 Be7 7. Bg2 Nb6 8. 0-0 0-0 9. a3 Be6 10. Be3 f5 11. Rc1 Bf6 12. Bc5 Rf7 13. b4 a6 14. Qc2 Nd4 15. Bxd4 exd4 16. Na4 Nxa4 17. Qxa4 c6 18. Nd2 Bd5 19. Qa5 Qxa5 20. bxa5 Be6 21. Nc4 Bxc4 22. Rxc4 Re8 23. Bf3 Re5 24. a4 Rxa5 25. Rb1 Re5 26. Rcb4 Ree7 27. h4 g6 28. Kf1 Rd7 29. Ke1 a5 30. Rc4 Be7 31. Kd1 Bb4 32. Kc2 Rfe7 33. Kb3 Re5 34. g4 fxg4 35. Bxg4 Rd6 36. Bf3 Rf5 37. Rg1 Bc3 38. Rg5 Kf7 39. Rc5 Rxc5 40. Rxc5 h5 41. Be4 Be1 42. f4 b6 43. Rxc6 Rxc6 44. Bxc6 Bxh4 45. Kc4 Bf2 46. Kd5 Be3 47. Ke5 Bg1 48. f5 gxf5 49. Kxf5 h4 50. Kg4 Bf2 51. Kf3 Be1 52. e3 dxe3 53. Kxe3 h3 54. Ke2 Bg3 55. Kf1 Ke6 56. Kg1 1/2-1/2

[Event "CHN-chT"]
[Site "China"]
[Date "2013.04.30"]
[Round "1.4"]
[White "Lin, Chen"]
[Black "Yu, Lie"]
[Result "1-0"]
[WhiteElo "2472"]
[BlackElo "2372"]
[PlyCount "105"]
[EventDate "2013.04.30"]
[EventType "team-tourn"]
[EventRounds "22"]
[EventCountry "CHN"]
[SourceTitle "CBM 154 Extra"]
[Source "ChessBase"]
[SourceDate "2013.06.25"]
[SourceVersion "2"]
[SourceVersionDate "2013.06.25"]
[SourceQuality "1"]
[WhiteTeam "Jiangsu"]
[BlackTeam "Zhejiang"]
[WhiteTeamCountry "CHN"]
[BlackTeamCountry "CHN"]

1. g3 Nf6 2. Bg2 g6 3. e4 d6 4. Ne2 Bg7 5. Nbc3 c5 6. d3 Nc6 7. h3 0-0 8. Be3 e5 9. 0-0 Nd4 10. f4 b5 11. a3 Rb8 12. b4 Nh5 13. bxc5 dxc5 14. g4 Nxf4 15. Nxf4 exf4 16. Bxf4 Rb7 17. Nd5 Ne6 18. Be3 Rd7 19. Rb1 a6 20. Qd2 Qh4 21. Bf2 Qd8 22. Be3 Qh4 23. Rf2 Be5 24. g5 Kh8 25. Nf6 Rd6 26. Rbf1 Nd4 27. Bf4 Bxf4 28. Rxf4 Qxg5 29. Nxh7 Ne2+ 30. Qxe2 Kxh7 31. Rxf7+ Rxf7 32. Rxf7+ Kh6 33. Rf8 Rf6 34. Rxc8 Qc1+ 35. Bf1 Qg5+ 36. Kh1 Qg3 37. Bg2 Rf2 38. Qg4 Rxg2 39. Qxg3 Rxg3 40. Kh2 Rg5 41. h4 Rg4 42. Kh3 Rg1 43. Rxc5 Ra1 44. Kg4 Rxa3 45. h5 gxh5+ 46. Rxh5+ Kg6 47. Rc5 Kf6 48. Kf4 Ke6 49. d4 b4 50. d5+ Kd7 51. e5 a5 52. d6 b3 53. Rc7+ 1-0

[Event "Ho Chi Minh City HD Bank op 3rd"]
[Site "Ho Chi Minh City"]
[Date "2013.03.24"]
[Round "9"]
[White "Yu, Lie"]
[Black "Le, Tuan Minh"]
[Result "0-1"]
[WhiteElo "2380"]
[BlackElo "2218"]
[PlyCount "96"]
[EventDate "2013.03.19"]
[EventType "swiss"]
[EventRounds "9"]
[EventCountry "VIE"]
[SourceTitle "CBM 153 Extra"]
[Source "ChessBase"]
[SourceDate "2013.04.22"]
[SourceVersion "1"]
[SourceVersionDate "2013.04.22"]
[SourceQuality "1"]

1. d4 d5 2. c4 c6 3. Nc3 Nf6 4. e3 Bf5 5. cxd5 cxd5 6. Qb3 Bc8 7. Bb5+ Nc6 8. Nf3 e6 9. 0-0 Bd6 10. Ne5 0-0 11. f4 Na5 12. Qd1 a6 13. Bd3 b5 14. Bd2 Bb7 15. Rc1 Nc4 16. Rc2 Rc8 17. Bc1 Nb6 18. Rf3 b4 19. Ne2 Rxc2 20. Bxc2 Ne4 21. Rh3 f6 22. Ng4 Qc7 23. Bd3 Rc8 24. Qe1 Nd7 25. Bd2 a5 26. Qh4 Nf8 27. Qe1 Qc6 28. Nf2 Ba6 29. Bxa6 Qxa6 30. Nc1 Rc2 31. Nxe4 dxe4 32. b3 Qc6 33. g4 Ng6 34. Kf1 Rb2 35. Qe2 Ne7 36. Ke1 Rc2 37. Qd1 Nd5 38. g5 fxg5 39. fxg5 Ne7 40. Ne2 Rxa2 41. Qb1 Qc2 42. Qxc2 Rxc2 43. Kd1 Rb2 44. Nc1 Nf5 45. Ne2 Rxb3 46. Kc2 Ra3 47. Bc1 Rd3 48. Bd2 b3+ 0-1

[Event "Ho Chi Minh City HD Bank op 3rd"]
[Site "Ho Chi Minh City"]
[Date "2013.03.23"]
[Round "8"]
[White "Xu, Xiangyu"]
[Black "Yu, Lie"]
[Result "0-1"]
[WhiteElo "2034"]
[BlackElo "2380"]
[PlyCount "76"]
[EventDate "2013.03.19"]
[EventType "swiss"]
[EventRounds "9"]
[EventCountry "VIE"]
[SourceTitle "CBM 153 Extra"]
[Source "ChessBase"]
[SourceDate "2013.04.22"]
[SourceVersion "1"]
[SourceVersionDate "2013.04.22"]
[SourceQuality "1"]

1. e4 e6 2. Nc3 d5 3. d4 Nf6 4. e5 Nfd7 5. f4 c5 6. Nf3 Nc6 7. Be3 Qb6 8. a3 a6 9. Be2 cxd4 10. Nxd4 Bc5 11. Na4 Qa5+ 12. c3 Nxd4 13. b4 Qd8 14. cxd4 Be7 15. Bd3 0-0 16. Qh5 g6 17. Qf3 f6 18. Qh3 Nb6 19. Nxb6 Qxb6 20. Qh6 Rf7 21. 0-0 Bd7 22. Rf3 Bf8 23. Qh4 Bb5 24. Bb1 Rc8 25. exf6 Rc1+ 26. Kf2 Rf1+ 27. Kg3 Rxf3+ 28. Kxf3 Qd8 29. Ba2 Rxf6 30. Rc1 Kg7 31. Qg4 Bd6 32. h4 Bd7 33. Qg5 a5 34. Bb1 axb4 35. axb4 Qa8 36. Bd3 Qa3 37. Ke2 Qb2+ 38. Kf3 h6 0-1

[Event "Ho Chi Minh City HD Bank op 3rd"]
[Site "Ho Chi Minh City"]
[Date "2013.03.21"]
[Round "4"]
[White "Qiu, Mengjie"]
[Black "Yu, Lie"]
[Result "0-1"]
[WhiteElo "2115"]
[BlackElo "2380"]
[PlyCount "64"]
[EventDate "2013.03.19"]
[EventType "swiss"]
[EventRounds "9"]
[EventCountry "VIE"]
[SourceTitle "CBM 153 Extra"]
[Source "ChessBase"]
[SourceDate "2013.04.22"]
[SourceVersion "1"]
[SourceVersionDate "2013.04.22"]
[SourceQuality "1"]

1. e4 c6 2. d4 d5 3. f3 Qb6 4. Nc3 dxe4 5. fxe4 e5 6. dxe5 Be6 7. Nf3 Nd7 8. Bd3 Ne7 9. a4 a5 10. Ng5 Ng6 11. Nxe6 fxe6 12. Qg4 0-0-0 13. Qxe6 Bc5 14. Bd2 Bf2+ 15. Kd1 Ngxe5 16. Rf1 Be3 17. Rb1 Rhe8 18. Qh3 Bxd2 19. Kxd2 Kb8 20. Kc1 Nc5 21. Be2 Qb4 22. Qxh7 Nxa4 23. Qxg7 Qd4 24. Qh6 Rh8 25. Qf4 Rhf8 26. Qg5 Rxf1+ 27. Bxf1 Nc5 28. Ra1 Ne6 29. Qh6 Qf2 30. Be2 Nf4 31. Bd1 Ned3+ 32. Kb1 Nb4 0-1

[Event "Ho Chi Minh City HD Bank op 3rd"]
[Site "Ho Chi Minh City"]
[Date "2013.03.21"]
[Round "5"]
[White "Yu, Lie"]
[Black "Le, Kieu Thien Kim"]
[Result "1-0"]
[WhiteElo "2380"]
[BlackElo "2234"]
[PlyCount "55"]
[EventDate "2013.03.19"]
[EventType "swiss"]
[EventRounds "9"]
[EventCountry "VIE"]
[SourceTitle "CBM 153 Extra"]
[Source "ChessBase"]
[SourceDate "2013.04.22"]
[SourceVersion "1"]
[SourceVersionDate "2013.04.22"]
[SourceQuality "1"]

1. d4 d5 2. c4 e6 3. Nc3 Nf6 4. cxd5 exd5 5. Bg5 Be7 6. e3 c6 7. Qc2 Bg4 8. Bd3 Nbd7 9. h3 Bh5 10. f4 Ne4 11. Bxe7 Qxe7 12. Bxe4 dxe4 13. Qxe4 f5 14. Qxe7+ Kxe7 15. Kf2 Rhe8 16. g4 fxg4 17. hxg4 Bxg4 18. Rxh7 Kf7 19. Nf3 Bxf3 20. Kxf3 Nf6 21. Rh2 b5 22. Rg1 Re7 23. Rhg2 Kf8 24. e4 Rd8 25. e5 Ne8 26. Ne2 Rc7 27. f5 c5 28. Nf4 1-0

[Event "Beijing zt 3.5"]
[Site "Beijing"]
[Date "2012.09.20"]
[Round "11"]
[White "Liu, Guanchu"]
[Black "Yu, Lie"]
[Result "1/2-1/2"]
[WhiteElo "2232"]
[BlackElo "2406"]
[PlyCount "84"]
[EventDate "2012.09.15"]
[EventType "swiss"]
[EventRounds "11"]
[EventCountry "CHN"]
[SourceTitle "EXT 2013"]
[Source "ChessBase"]
[SourceDate "2012.11.22"]
[SourceVersion "1"]
[SourceVersionDate "2012.11.22"]
[SourceQuality "1"]

1. e4 d6 2. d4 Nf6 3. Nc3 g6 4. f4 Bg7 5. Nf3 c5 6. Bb5+ Nc6 7. dxc5 0-0 8. 0-0 dxc5 9. e5 Ng4 10. h3 Nh6 11. Be3 Qb6 12. g4 Rd8 13. Qe2 Nd4 14. Nxd4 cxd4 15. Bf2 Be6 16. Ne4 f6 17. c3 fxe5 18. fxe5 Rd5 19. Bd3 Nf7 20. cxd4 Rxd4 21. Nc3 Nxe5 22. Nb5 Nxd3 23. Nxd4 Nf4 24. Qf3 Nxh3+ 25. Qxh3 Bxd4 26. Rae1 Rf8 27. Be3 Bxg4 28. Rxf8+ Kxf8 29. Qxg4 Bxe3+ 30. Kg2 Kg7 31. b3 Qc5 32. Qe4 Bg5 33. Qxb7 Qc2+ 34. Kg1 Qc5+ 35. Kg2 Bf6 36. Re2 Qg5+ 37. Kf1 Qf4+ 38. Kg2 Qg5+ 39. Kf1 Qf5+ 40. Kg2 Qg4+ 41. Kf1 Qf4+ 42. Kg2 Qg5+ 1/2-1/2

[Event "Beijing zt 3.5"]
[Site "Beijing"]
[Date "2012.09.17"]
[Round "6"]
[White "Yu, Lie"]
[Black "Liu, Qingnan"]
[Result "1/2-1/2"]
[WhiteElo "2406"]
[BlackElo "2491"]
[PlyCount "35"]
[EventDate "2012.09.15"]
[EventType "swiss"]
[EventRounds "11"]
[EventCountry "CHN"]
[SourceTitle "EXT 2013"]
[Source "ChessBase"]
[SourceDate "2012.11.22"]
[SourceVersion "1"]
[SourceVersionDate "2012.11.22"]
[SourceQuality "1"]

1. Nf3 d5 2. c4 e6 3. b3 c5 4. cxd5 exd5 5. e3 Nf6 6. Bb2 Nc6 7. Be2 Be7 8. 0-0 0-0 9. d4 Be6 10. Nc3 Rc8 11. Rc1 cxd4 12. Nxd4 Nxd4 13. Qxd4 Bc5 14. Qh4 Be7 15. Qd4 Bc5 16. Qh4 Be7 17. Qd4 Bc5 18. Qh4 1/2-1/2

[Event "CHN-chT"]
[Site "Beijing"]
[Date "2012.07.14"]
[Round "10"]
[White "Yu, Lie"]
[Black "Nguyen, Ngoc Truong Son"]
[Result "1/2-1/2"]
[WhiteElo "2417"]
[BlackElo "2662"]
[PlyCount "99"]
[EventDate "2012.04.28"]
[EventType "team-tourn"]
[EventRounds "22"]
[EventCountry "CHN"]
[SourceTitle "EXT 2013"]
[Source "ChessBase"]
[SourceDate "2012.11.22"]
[SourceVersion "1"]
[SourceVersionDate "2012.11.22"]
[SourceQuality "1"]
[WhiteTeam "Zhejiang"]
[BlackTeam "Qingdao"]
[WhiteTeamCountry "CHN"]
[BlackTeamCountry "CHN"]

1. e4 e6 2. d4 d5 3. e5 c5 4. c3 Nc6 5. Nf3 Bd7 6. Be2 f6 7. 0-0 fxe5 8. dxe5 Nh6 9. c4 d4 10. b4 Nf7 11. bxc5 Bxc5 12. Bf4 Qe7 13. Nbd2 g5 14. Bg3 h5 15. h3 g4 16. Bh4 gxf3 17. Bxe7 fxe2 18. Qxe2 Bxe7 19. Nb3 0-0-0 20. Rad1 Rdg8 21. Kh1 h4 22. Qb2 Nfxe5 23. Nxd4 Rxg2 24. Nf3 Rhg8 25. Nxe5 Nxe5 26. Qxe5 R2g5 27. Qe2 Bc6+ 28. f3 Rg3 29. Qxe6+ Kb8 30. Rd5 Bd8 31. Qf5 Bc7 32. Rd4 a5 33. Rxh4 R8g5 34. Qd3 Ka7 35. Qe2 Bb6 36. Kh2 Bc7 37. Kh1 Rg6 38. Qe3+ Bb6 39. c5 Bc7 40. Rh7 Be5 41. Qb3 Bc7 42. Qc3 Ka8 43. Qe3 Ka7 44. Qe2 Be5 45. Rh5 Bc7 46. Rh7 Be5 47. Rh5 Bc7 48. Rh4 Rh6 49. Rg4 Rg6 50. Rh4 1/2-1/2

[Event "CHN-chT"]
[Site "Beijing"]
[Date "2012.07.13"]
[Round "9"]
[White "Wen, Yang"]
[Black "Yu, Lie"]
[Result "1-0"]
[WhiteElo "2549"]
[BlackElo "2417"]
[PlyCount "143"]
[EventDate "2012.04.28"]
[EventType "team-tourn"]
[EventRounds "22"]
[EventCountry "CHN"]
[SourceTitle "EXT 2013"]
[Source "ChessBase"]
[SourceDate "2012.11.22"]
[SourceVersion "1"]
[SourceVersionDate "2012.11.22"]
[SourceQuality "1"]
[WhiteTeam "Shandong"]
[BlackTeam "Zhejiang"]
[WhiteTeamCountry "CHN"]
[BlackTeamCountry "CHN"]

1. d4 d5 2. c4 dxc4 3. Nf3 Nf6 4. e3 g6 5. Bxc4 Bg7 6. 0-0 0-0 7. Nc3 Ne8 8. h3 Nd6 9. Bb3 b5 10. e4 b4 11. Nd5 Nxe4 12. Qe2 e6 13. Qxe4 exd5 14. Qxd5 Qxd5 15. Bxd5 c6 16. Bb3 Bf5 17. Re1 Nd7 18. Bf4 Be6 19. Bd6 Rfe8 20. Bxe6 fxe6 21. Bxb4 e5 22. Bc3 exd4 23. Bxd4 Bxd4 24. Nxd4 c5 25. Nc6 Kf8 26. Kf1 Rec8 27. Rad1 Nb6 28. Re6 Rc7 29. b3 Re8 30. Rxe8+ Kxe8 31. Rd8+ Kf7 32. Na5 Ke6 33. Rd3 c4 34. Nxc4 Nxc4 35. bxc4 Rxc4 36. Ra3 Rc7 37. Ra5 Kd6 38. Ke2 Kc6 39. Kd2 Rd7+ 40. Kc3 Re7 41. f4 Re2 42. Rxa7 Rxg2 43. Kd4 Kd6 44. Ra6+ Ke7 45. a4 Rf2 46. Ke4 Re2+ 47. Kd5 Rf2 48. Ke4 Re2+ 49. Kf3 Ra2 50. Kg4 Rg2+ 51. Kf3 Ra2 52. h4 h5 53. a5 Ra4 54. Rxg6 Rxa5 55. Rg5 Ra3+ 56. Ke4 Ra4+ 57. Kf5 Ra5+ 58. Kg6 Ra4 59. Re5+ Kd6 60. Kg5 Rb4 61. Re1 Rb8 62. f5 Rg8+ 63. Kxh5 Rh8+ 64. Kg5 Rg8+ 65. Kf6 Rf8+ 66. Kg6 Rg8+ 67. Kf7 Rh8 68. Re4 Kd5 69. Ra4 Kd6 70. f6 Rb8 71. Kg7 Rb1 72. Rg4 1-0